Imiona nadane chłopcom w 2001 roku - Statystyki

Ogólne statystyki
  • Ten quiz został rozwiązany 46 razy
  • Średni wynik to 56 z 100
Statystyki odpowiedzi
Odpowiedź % Poprawnych
J Jan
97%
P Paweł
88%
J Jakub
85%
M Mateusz
85%
P Piotr
85%
A Adam
82%
D Dominik
79%
A Adrian
76%
D Damian
76%
Ł Łukasz
76%
M Marek
76%
M Michał
76%
P Patryk
76%
W Wojciech
76%
B Bartosz
74%
D David
74%
F Franciszek
74%
K Kacper
74%
K Kamil
74%
S Szymon
74%
T Tomasz
74%
D Daniel
71%
D Dawid
71%
F Filip
71%
G Grzegorz
71%
I Igor
71%
K Karol
71%
M Mikołaj
71%
W Wiktor
71%
B Bartłomiej
68%
K Krystian
68%
M Marcin
68%
R Radosław
68%
R Robert
68%
A Aleks
65%
A Aleksander
65%
D Dariusz
65%
E Emil
65%
J Jerzy
62%
K Krzysztof
62%
M Maciej
62%
N Nikodem
62%
O Oskar
62%
A Arkadiusz
59%
A Artur
59%
G Gabriel
59%
J Janusz
59%
M Marcel
59%
R Rafał
59%
S Sebastian
59%
S Stanisław
59%
A Alan
56%
A Andrzej
56%
C Cezary
56%
E Eryk
56%
H Hubert
56%
K Konrad
56%
K Kuba
56%
M Miłosz
56%
N Natan
56%
O Olaf
56%
O Oliwer
56%
O Oliwier
56%
T Tymoteusz
56%
A Antoni
53%
I Ignacy
53%
N Norbert
53%
P Przemysław
53%
J Jarosław
50%
K Kornel
50%
M Mariusz
50%
F Fabian
47%
J Jacek
47%
J Julian
47%
M Maksymilian
47%
B Błażej
44%
S Sławomir
44%
S Sylwester
44%
T Tobiasz
44%
C Cyprian
38%
K Kajetan
38%
G Gracjan
35%
A Albert
32%
D Dorian
32%
W Witold
32%
B Borys
29%
B Bruno
29%
J Juliusz
29%
R Remigiusz
26%
K Kevin
24%
K Kewin
24%
K Klaudiusz
24%
J Jędrzej
21%
M Marceli
21%
S Samuel
21%
S Seweryn
21%
A Amadeusz
18%
D Denis
15%
E Ernest
15%
M Martin
6%
Nie znaleziono quizów pasujących do podanych kryteriów
Rozkład punktacji
Procent ludzi z każdym wynikiem
Percentyl według liczby udzielonych odpowiedzi
Twoja historia wyników
Nie rozwiązałeś tego quizu